01688nam a2200313 a 450000500170000000800410001704000270005804100080008504400070009308200170010011000820011724500550019926000250025430000340027950501200031350501200043350501720055350501140072550500470083950500650088650500760095150500750102750501380110265000280124065000160126865000270128465000290131165000340134020191224041543.0140224t1999 it fr|||| 000 0 spa d aCO-BoIAVH cCO-BoIAVH 0 aspa ait04a363.78bO68n2 bOrganización de las Naciones Unidas para la Agricultura y la Alimentación10aNormas internacionales para medidas fitosanitarias aRoma :bFAO,cc1999. a10 volúmenes ;c21 x 15 cm. aVolumen 1: Norma de referencia: Principios de cuarentena fitosanitaria en relación con el comercio internacional. aVolumen 2: Sección 1- Reglamentación para la importación. Directrices para el análisis de riesgo de plagas. aVolumen 3: Sección 1- Reglamentación para la importación. Código de conducta para la importación y liberación de agentes exóticos de control biológico. aVolumen 4: Sección 4- Vigilancia de plagas. Requisitos para el establecimiento de áreas libres de plagas. aVolumen 6: Directrices para la vigilancia. aVolumen 7: Sistema de certificación para la exportación. aVolumen 8: Determinación de la situación de una plaga en un área. aVolumen 9: Directrices para los programas de erradicación de plagas. aVolumen 10: Requisitos para el establecimiento de lugares de producción libres de plagas y sitios de producción libres de plagas.16aLegislación ambiental16aFitosanidad26aComercio internacional26aCuarentena fitosanitaria26aControl biológico de plagas